Spain
| Main Author: | Morris, Jan |
|---|---|
| Published: |
London:
Penguin Book,
1964.
|
| Subjects: |
| LEADER | 00536cam a2200181 7i4500 | ||
|---|---|---|---|
| 001 | 0000047891 | ||
| 005 | 20241128090000.0 | ||
| 020 | |a 9780140095159 (pbk.) | ||
| 020 | |a 0140095152 | ||
| 090 | 0 | 0 | |a DP43 |b .M67 1964 |
| 100 | 1 | |a Morris, Jan | |
| 245 | 1 | 0 | |a Spain |c Jan Morris. |
| 260 | |a London: |b Penguin Book, |c 1964. | ||
| 300 | |a 155 p. | ||
| 500 | |a Gift: Zainol Ahmad Resource Center | ||
| 650 | 0 | 0 | |a National characteristics, Spanish |
| 651 | 0 | |a Spain -- |x Description and travel | |
| 999 | |a 0000062144 |b BOK |c OPEN SHELF |e 1st Floor, Bestari Jaya | ||


